Behind the Beautiful Forevers: (Record no. 83121)

MARC details
000 -LEADER
fixed length control field 00713nam a22001937a 4500
005 - DATE AND TIME OF LATEST TRANSACTION
control field 20140321123226.0
010 ## - LCCN (DPL NO)
LC control number B-500322
020 ## - INTERNATIONAL STANDARD BOOK NUMBER
International Standard Book Number 9780670086092
Terms of availability 499.00
035 ## - SYSTEM CONTROL NUMBER
System control number B-500322
037 ## - SOURCE OF ACQUISITION
Stock number dpl
Source of stock number/acquisition Mallika Books/Ven
082 ## - DEWEY DECIMAL CLASSIFICATION NUMBER
Classification number 305.569095441
100 ## - MAIN ENTRY--PERSONAL NAME
Personal name Boo, Katherine
245 ## - TITLE STATEMENT
Title Behind the Beautiful Forevers:
Remainder of title life, death and hope in a mumbai undercity/
Statement of responsibility, etc by Katherine Boo
260 ## - PUBLICATION, DISTRIBUTION, ETC. (IMPRINT)
Place of publication, distribution, etc New Delhi
Name of publisher, distributor, etc Penguin Group
Date of publication, distribution, etc 2012
270 ## - ADDRESS
Address 11 Community Centre, Panchsheel Park
City New Delhi
Postal code 110017
300 ## - PHYSICAL DESCRIPTION
Extent 254p.
Dimensions 21cm(Hb)
942 ## - ADDED ENTRY ELEMENTS (KOHA)
Source of classification or shelving scheme Dewey Decimal Classification
Item type English Books
Classification part 305.569095441
Call number suffix BOO
Holdings
Withdrawn status Lost status Not for loan Collection code Home library Current library Date acquired Source of acquisition Cost, normal purchase price Full call number Barcode Copy number Cost, replacement price Koha item type
  Lost and Paid For   Non-fiction Sarojini Nagar Sarojini Nagar 21/03/2014 Mallika Books/99/15.03.2013/174/08.03.2013/18.03.2013 499.00 305.569095441 BOO B-500322 1 499.00 English Books

© Delhi Public Library
Hit Counter
free hit counter